[Event "BCF-chT 0102 (4NCL)"]
[Site "Birmingham"]
[Date "2002.05.05"]
[Round "10.1"]
[White "Hunt, Adam"]
[Black "Wells, Peter K"]
[Result "1/2-1/2"]
[WhiteElo "2365"]
[BlackElo "2499"]
[Annotator "Rogozenco,D"]
[PlyCount "63"]
[EventDate "2001.09.22"]
[EventType "team"]
[EventRounds "11"]
[EventCountry "ENG"]
[SourceTitle "CBM 089"]
[Source "ChessBase"]
[SourceDate "2002.08.12"]
[SourceVersion "1"]
[SourceVersionDate "2002.08.12"]
[SourceQuality "1"]
[WhiteTeam "Midland Monarchs"]
[BlackTeam "Slough"]
[WhiteTeamCountry "ENG"]
[BlackTeamCountry "ENG"]

1. e4 c5 2. Nf3 Nc6 3. d4 cxd4 4. Nxd4 Nf6 5. Nc3 d6 6. Be2 g6 7. Be3 Bg7 8.
Nb3 O-O 9. O-O Be6 10. f4 Qc8 11. Kh1 Bg4 12. a3 $6 {Waste of time since Black
doesn't want to play Nb4. The move 12.a3 can be seen as a prophylactic against
the advance of Black's queenside pawns, but in that case it is rather an
"over-prophylactic" since Black didn't even play Rb8. Anyway it doesn't stop
Black from advancing pawns if Black wishes to do so.} (12. Bg1) 12... Bxe2 (
12... Rb8 $11) 13. Qxe2 Ng4 14. Bg1 Bxc3 {An interesting decision. Black
breakes White's pawn structure for the price of trading his strong bishop.
Probably Peter Wells felt like punishing White for the dubious move 12.a3.} 15.
bxc3 f5 {Same active manner. Black blockades the pawn on f4. The problem is
that White's pawn structure is not so weak as it may seem, since Black cannot
really attack the queenside pawns, while White has enough ressources to create
activity against black king. Although I would consider that Black might have
some positional advantage, the position remains balanced with chances for both
sides.} (15... Nf6 16. f5 $5 Ne5 17. Bd4 Qc6 18. Nd2 $13) 16. exf5 (16. Nd4
fxe4 17. Qxe4 Qd7 18. Rab1 $13) 16... Qxf5 17. Nd4 Nxd4 18. Bxd4 Rf7 19. Rab1
$1 b6 (19... Qd7 20. Rb5 Nh6 $5 $13) 20. Rb5 Qd7 21. Rg5 e5 (21... Nh6 22. Qh5
e5 23. Qxh6 exd4 24. cxd4 Re8 $140 25. h4 $40) 22. Rxg4 (22. fxe5 Rxf1+ 23.
Qxf1 Nxe5 24. Bxe5 dxe5 25. Rxe5 $11) 22... exd4 23. cxd4 Re8 24. Qf3 d5 $44
25. h3 (25. Rg5 Re4 26. f5 Rxf5 27. Rxf5 Qxf5 28. Qxf5 gxf5 29. c3 Kg7 30. Kg1
Kg6 $15) 25... Qf5 (25... Re4 $6 26. f5 $1 $36) 26. c3 h6 27. Qg3 Kh7 28. Re1
Re4 29. Rxe4 Qxe4 30. Kh2 Re7 31. Rh4 Rf7 32. Rg4 1/2-1/2

[Event "New York op"]
[Site "New York"]
[Date "1998.03.19"]
[Round "6"]
[White "Asrian, Karen"]
[Black "Khalifman, Alexander"]
[Result "1/2-1/2"]
[WhiteElo "2555"]
[BlackElo "2660"]
[Annotator "Schulz,Andre"]
[PlyCount "62"]
[EventDate "1998.03.16"]
[EventType "swiss"]
[EventRounds "9"]
[EventCountry "USA"]
[SourceTitle "CBM 064"]
[Source "ChessBase"]
[SourceDate "1998.06.02"]
[SourceVersion "1"]
[SourceVersionDate "1998.06.02"]
[SourceQuality "1"]

1. e4 c5 2. Nf3 d6 3. d4 cxd4 4. Nxd4 Nf6 5. Nc3 Nc6 6. Be2 g6 7. Be3 Bg7 8.
Nb3 O-O 9. O-O Be6 10. f4 Qc8 ({Der Partiezug und} 10... Na5 {nehmen auf die
weiße Möglichkeit f4-f5 Rücksicht.}) ({Moderner ist} 10... Rc8 {um nach} 11. f5
Bd7 {das Feld e5 für den N zu gewinnen.}) 11. Bf3 ({Beide Spieler kennen diese
Stellung mit 11.Kh1.} 11. Kh1 Bg4 {0-1 Glek,I-Khalifman,A/Moscow PCA-Intel
qual 1995/EXP 46 (45)} (11... Bg4 12. Bxg4 Qxg4 13. Qxg4 Nxg4 14. Bd2 {1-0
Asrian,K-Yakovich,Y/RUS-Cup8 1997/EXP 58 (61)})) 11... Bg4 {Khalifman hat
offenbar eine Vorliebe für diesen Zug.} ({Alternativen sind} 11... Bc4) (11...
Rd8) 12. Nd5 Bxf3 13. Qxf3 Nxd5 14. exd5 Nb8 {Besser als} (14... Nb4 15. Qe4
Na6 16. c3 Qc7 17. Rae1 Rae8 18. f5 Nc5 19. Nxc5 dxc5 20. Rf3 gxf5 21. Qh4 Qd6
22. Bf4 Qb6 23. Rh3 h6 24. Rg3 Kh8 25. Re6 $1 fxe6 26. Bxh6 c4+ 27. Kh1 {
1-0 Huebner,R-Miles,A/Tilburg 1985/MCL 01}) 15. c3 Nd7 16. Rae1 Nf6 {[%cal
Yf6d5,Yf6g4]} 17. Bd4 Re8 18. Nd2 Qg4 19. Bxf6 (19. Qxg4 Nxg4 20. Bxg7 Kxg7 $11
) 19... Qxf3 20. Rxf3 Bxf6 21. Rfe3 Kf8 22. Ne4 Bg7 23. g4 b5 24. f5 Be5 25.
fxg6 hxg6 26. Rf1 Kg7 27. Ng5 Bf6 28. Ne4 Be5 29. Ng5 Bf6 30. Ne4 Be5 31. Ng5
Bf6 1/2-1/2

[Event "RUS-Cup4"]
[Site "Perm"]
[Date "1997.02.10"]
[Round "3"]
[White "Galkin, Alexander"]
[Black "Shinkevich, Vitaly"]
[Result "1-0"]
[WhiteElo "2510"]
[BlackElo "2375"]
[Annotator "Schulz,Andre"]
[PlyCount "81"]
[EventDate "1997.02.02"]
[EventType "swiss"]
[EventRounds "9"]
[EventCountry "RUS"]
[SourceTitle "CBM 058"]
[Source "ChessBase"]
[SourceDate "1997.06.01"]
[SourceVersion "1"]
[SourceVersionDate "1997.06.01"]
[SourceQuality "1"]

1. e4 c5 2. Nf3 Nc6 3. d4 cxd4 4. Nxd4 g6 5. Nc3 Bg7 6. Be3 Nf6 7. Be2 O-O 8.
Nb3 d6 9. O-O a6 ({Die Hauptvariante im Klassischen System ist} 9... Be6 10. f4
) 10. f4 b5 11. Bf3 e5 (11... Bb7 12. Qe2 (12. e5 dxe5 13. Nc5 Qc7 14. Nxb7
exf4 15. Bxf4 Qxb7 {0-1 Spielmann,R-Bernstein,O/St.Petersburg 1909 (25)}) 12...
Nd7 13. Rad1 Qc8 14. Rd2 {1-0 Spielmann,R-Dus Chotimirsky,F/St.Petersburg 1909
(40)}) (11... Bd7 12. Qd2 Rb8 13. Nd5 b4 (13... Ng4 $5) 14. Rfe1 a5 15. a4 Ne8
16. Qf2 e6 17. Nb6 Bxb2 18. Rab1 Bc3 19. Red1 f5 20. e5 Nxe5 21. fxe5 f4 22.
Bc5 Bxe5 23. Nc4 {1-0 Glek,I-Robovic,S/Ostend op 1993}) 12. f5 Rb8 (12... gxf5
13. exf5 Bb7 14. g4 e4 {0-1 Durao,J-Sherf,R/Netanya op 1987 (34)}) (12... Bb7
13. g4 gxf5 14. g5 Ng4 (14... Nxe4 $142 15. Nxe4 fxe4 16. Bxe4 Na5) 15. Bxg4
fxg4 16. Nd5 {0-1 Haritakis,T-Kourkounakis,I/GRE-ch94 Glyfada+ 1995 (35)} (16.
Qxg4 $142)) 13. a3 (13. g4 b4 14. Nd5 Nxd5 15. exd5 Ne7 16. Be4 f6 {Cabrilo,
G-Larsen,B/New York op 1988/0-1 (51)}) 13... a5 14. a4 b4 (14... bxa4 15. Rxa4
{[%csl Ra5]}) 15. Nb5 Ba6 16. g4 Ne8 (16... gxf5 17. exf5 e4 18. Be2 $14 (18.
Bg2 Ne5 19. g5 Nfg4 $132)) 17. g5 Nd4 (17... f6 $4 18. Qd5+ $18) 18. f6 Nxf3+
19. Qxf3 Bh8 $16 {[%csl Rh8] Weiß hat jetzt eine Figur mehr.} 20. Rfd1 $6 {
Später wird Schwarz auf f6 opfern. Solange der weiße R auf f1 steht, kann
Schwarz den Bauern f6 aber nicht gewinnen. Weiß möchte aber den Ra1 nicht
ziehen, um nach dem Tausch auf b5 sofort gegen den a5 zu drücken.} (20. Rf2 $5)
20... Bxb5 21. axb5 Rxb5 22. Qe2 {Das war die Idee. Der Bauer a5 wird erobert.}
Qd7 23. Nxa5 (23. Rxa5 $142 Rxa5 24. Nxa5 h6 $140 25. h4 Qh3 26. Bf2) 23... h6
24. h4 hxg5 25. hxg5 Bxf6 26. gxf6 Nxf6 {Nun wird die Partie reichlich
unverständlich. Entweder allerschlimmste Zeitnot oder die Notation stimmt
nicht.} 27. Qd3 $2 ({Nach} 27. Rxd6 Qxd6 28. Qxb5 Qe6 29. Qe2 Nxe4 30. Bh6 Ra8
31. Qxe4 Rxa5 32. Rxa5 Qb6+ 33. Kg2 Qxa5 34. Bd2 $18 {sollte Weiß gewinnen.})
27... Qe6 $2 ({Auf der Hand lag} 27... Qg4+ {Selbst, wenn man nichts sieht,
spielt man den auf Verdacht.} 28. Kf1 {Nun kann Schwarz entweder auf einfache
Weise sofort remis bekommen oder einen für beide Seiten riskanten
Gegenspielversuch unternehmen.} (28. Kh2 $4 Kg7 $19) {Einfacher ist} 28... Nxe4
$11 (28... Qh3+ {Wenn Weiß jetzt dem remis ausweichen will, kann es brenzlig
werden.} 29. Ke1 (29. Kg1 Qg3+ $11) 29... Qh1+ 30. Kd2 (30. Qf1 Qxf1+ 31. Kxf1
Nxe4 $13 {Schwarz hat drei Bauern für die Figur, also materiellen Ausgleich.
Wenn die Freibauern am Königsflügel aber erst mal in Bewegung kommen, liegen
die Chancen bei Schwarz.}) (30. Ke2 Qg2+ 31. Ke1 Qh1+) 30... Nxe4+ 31. Kc1 Qf3
{und jetzt ist Weiß in einer Position, in der er sich trotz Mehrfigur kaum
rühren kann.} 32. Rf1 (32. Qxb5 $2 Qxe3+ 33. Kb1 Nd2+ 34. Rxd2 (34. Ka2 b3+ 35.
cxb3 (35. Nxb3 Ra8+ 36. Na5 Qe2 37. Qb4 Qc4+ 38. Ka3 Qc7) 35... Ra8 36. Rxd2
Qxd2 37. b4 d5 $132) 34... Qxd2 $132) (32. Nb3 Rb7 $132) 32... Qh3 $132) 29.
Qxb5 (29. Bg1 Qf4+ 30. Kg2 Qg4+ 31. Kf1 (31. Kh1 $4 Kg7 $19) 31... Qf4+ $11)
29... Qf3+ 30. Ke1 Qxe3+ 31. Qe2 Qg1+ 32. Qf1 Qe3+ $11) 28. Nb3 $2 ({Den Turm
mag er jetzt und im 31. Zug nicht anrühren.} 28. Qxb5 Qg4+ 29. Kf2 Nxe4+ 30.
Ke1 Qg3+ 31. Ke2 Qg2+ 32. Kd3 $18) 28... Ng4 $2 (28... Qg4+ 29. Kf1 Nxe4 $11)
29. Rd2 f5 30. Bg5 (30. Qxb5 Nxe3 31. Qe2 $18) 30... fxe4 31. Qxe4 d5 32. Nd4
dxe4 33. Nxe6 Rc8 34. Ra7 Rb6 35. Rg7+ Kh8 36. Re7 Ra6 37. Kg2 Ra1 38. Kh3 Rg1
39. Rf7 Nf2+ 40. Kh2 (40. Rdxf2) 40... Rh1+ 41. Kg2 1-0

[Event "RUS-Cup01 Chigorin Memorial"]
[Site "St Petersburg"]
[Date "1997.11.01"]
[Round "1"]
[White "Asrian, Karen"]
[Black "Kirusha, Andrey"]
[Result "1/2-1/2"]
[WhiteElo "2515"]
[BlackElo "2305"]
[Annotator "Schulz,Andre"]
[PlyCount "68"]
[EventDate "1997.11.01"]
[EventType "swiss"]
[EventRounds "9"]
[EventCountry "RUS"]
[SourceTitle "CBM 062"]
[Source "ChessBase"]
[SourceDate "1998.01.31"]
[SourceVersion "1"]
[SourceVersionDate "1998.01.31"]
[SourceQuality "1"]

1. e4 c5 2. Nf3 d6 3. d4 cxd4 4. Nxd4 Nf6 5. Nc3 Nc6 6. Be2 g6 7. Be3 Bg7 8.
O-O O-O 9. Nb3 b6 (9... Be6) 10. f4 Bb7 11. Bf3 Rc8 12. Rf2 (12. e5 Ne8 13. Nd4
Nxd4 14. Bxb7 Rb8 15. Qxd4 Rxb7 16. Qe4 Rb8 17. Rad1 $14 {Votava,J-Ullrich,F/
Altensteig-B 1993/EXP 35/1-0 (50)}) 12... Na5 $2 (12... Qc7 13. Nd5 Qb8 14. c3
$14 {0-1 Hellsten,J-Andersson,U/Malmo 1994/CBM 42 (45)}) (12... Nb8 13. Bd4
Nbd7 14. e5 Bxf3 15. Qxf3 dxe5 16. fxe5 Ne8 17. Rd1 Bxe5 18. Bxe5 Nxe5 19. Qf4
Nd7 $44 {1/2-1/2 Hoen,R-Mun/Nice olm 1974/MCD-ol (33)}) 13. Nxa5 bxa5 14. Bxa7
$16 {Bauer weg.} Rc4 {[%csl Re4][%cal Yd8a8,Ya8e4]} 15. Qd3 (15. Bd4 $2 Nxe4)
15... Rxc3 $5 {Damit bekommt Schwarz einige Schwindelchancen und den Bauern e4.
} 16. bxc3 Qa8 17. Bd4 Nxe4 18. Re2 (18. Rff1 $5) 18... f5 19. Bxg7 Kxg7 20.
Qd4+ Kg8 21. Rb1 Bc6 22. Rb6 Rc8 23. g4 $2 {Weiß sollte lieber seine Stellung
konsolidieren. Die Figurengruppe Kg1, Qd4, Re2 lädt zur Springergabel förmlich
ein und nun entwurzelt er auch noch den Bf3. Die Strafe folgt sofort.} (23. c4
$5 $16) 23... e5 24. fxe5 Nxc3 25. Qc4+ Bd5 26. Bxd5+ Nxd5 27. Qb3 $2 (27. Ra6
{war die letzte Rettung.} Qb7 (27... Rxc4 28. Rxa8+ Kf7 29. exd6 Rxg4+ 30. Kf1
$18) 28. Qb3 Qxa6 29. Qxd5+ Kh8 30. Rf2 $14) 27... a4 $19 28. Qb5 Nxb6 $2 (
28... Nc3 29. Qd3 Qa7 $19) (28... Nf4 $1 {mit Mattangriff:} 29. Rd2 Qf3 30. h3
(30. Qd7 Nh3#) 30... Qe3+ 31. Kf1 Qxd2 32. Rxd6 Qc1+ 33. Kf2 Nxh3+ 34. Kg3 f4+
35. Kg2 Rxc2+ 36. Rd2 Rxd2+ 37. Kxh3 Qh1#) 29. Qxb6 Qf3 30. Qxd6 Qxg4+ 31. Rg2
Qc4 32. Rd2 Qg4+ (32... Qxa2 $5) 33. Rg2 Qc4 34. Rd2 Qg4+ 1/2-1/2

[Event "FIDE-Wch k.o."]
[Site "Las Vegas"]
[Date "1999.08.07"]
[Round "3.2"]
[White "Asrian, Karen"]
[Black "Khalifman, Alexander"]
[Result "0-1"]
[WhiteElo "2575"]
[BlackElo "2628"]
[Annotator "Schulz,Andre"]
[PlyCount "122"]
[EventDate "1999.07.31"]
[EventType "k.o."]
[EventRounds "7"]
[EventCountry "USA"]
[SourceTitle "CBM 072"]
[Source "ChessBase"]
[SourceDate "1999.10.01"]
[SourceVersion "1"]
[SourceVersionDate "1999.10.01"]
[SourceQuality "1"]

1. e4 c5 2. Nf3 d6 3. d4 cxd4 4. Nxd4 Nf6 5. Nc3 Nc6 6. Be2 g6 7. Be3 Bg7 8.
Nb3 O-O 9. O-O Be6 10. f4 Rc8 ({Die Variante hatten beide Spieler schon mal
auf dem Brett. Beim New York open spielte Khalifman} 10... Qc8 11. Bf3 Bg4 12.
Nd5 Bxf3 13. Qxf3 Nxd5 14. exd5 Nb8 15. c3 Nd7 16. Rae1 Nf6 $11 {1/2-1/2
Asrian,K-Khalifman,A/New York 1998/CBM 64 (31)}) 11. Kh1 (11. f5 Bd7 {räumt
Schwarz das Feld e5 ein.}) 11... a6 12. Bf3 Nd7 13. f5 (13. g4 b5 14. Rb1 Nb6
15. f5 Bc4 16. Rf2 Ne5 17. Bg2 b4 18. Nd5 Bxd5 19. exd5 Nbc4 $11 {0-1 Trohl,
J-Alterman,B/Elista 1998/CBM 66 ext (57)}) 13... Bc4 14. Be2 Nce5 15. fxg6 hxg6
16. Bg5 Nf6 17. Nd5 Nxd5 18. exd5 Qc7 19. c3 Rfe8 20. Bxc4 Qxc4 21. Qd2 Qd3 22.
Rad1 Qxd2 23. Rxd2 Nc4 24. Rdf2 Be5 25. h3 (25. Rxf7 $2 Bf6) 25... f6 26. Bc1
b5 27. Rd1 Kf7 28. g4 a5 29. Rd3 a4 30. Nd2 b4 31. Ne4 bxc3 32. bxc3 Rb8 33.
Kg2 Rb1 34. Nd2 (34. Bf4 Bxf4 35. Rxf4 Ra1 36. Rf2 Rb8 $17) 34... Rxc1 35. Nxc4
Bxc3 36. Nb6 a3 37. Rf1 Rc2+ 38. Rf2 Rc1 39. Rf1 Rxf1 40. Kxf1 Bb2 41. Nc4 Rc8
42. Nxa3 Rc5 43. Ke2 Bxa3 44. Rxa3 Rxd5 45. Ra8 Rb5 46. Kd3 f5 47. gxf5 gxf5
48. Kc4 Rc5+ 49. Kd3 Rc1 50. a4 Rh1 51. Rh8 Kg7 52. Rh4 e5 53. Kc4 f4 54. Rh5
Kg6 55. Rh8 Ra1 56. Kd5 Rxa4 57. Kxd6 e4 58. Rg8+ Kf5 59. Rf8+ Kg5 60. Rg8+ Kh4
61. Ke5 e3 0-1

[Event "FIDE-Wch k.o."]
[Site "Las Vegas"]
[Date "1999.07.31"]
[Round "1.1"]
[White "Asrian, Karen"]
[Black "Rodriguez Vila, Andres"]
[Result "0-1"]
[WhiteElo "2575"]
[BlackElo "2500"]
[Annotator "Schulz,Andre"]
[PlyCount "76"]
[EventDate "1999.07.31"]
[EventType "k.o."]
[EventRounds "7"]
[EventCountry "USA"]
[SourceTitle "CBM 072"]
[Source "ChessBase"]
[SourceDate "1999.10.01"]
[SourceVersion "1"]
[SourceVersionDate "1999.10.01"]
[SourceQuality "1"]

1. e4 c5 2. Nf3 d6 3. d4 cxd4 4. Nxd4 Nf6 5. Nc3 g6 6. Be3 Bg7 7. Be2 O-O 8.
O-O Nc6 9. Nb3 Be6 10. f4 Qc8 11. Bf3 {Asrian hat schon häufiger so gespielt.}
Ng4 ({Die Alternative ist der Läuferausfall} 11... Bg4 12. Nd5 Bxf3 13. Qxf3
Nxd5 14. exd5 Nb8 $1 15. c3 Nd7 16. Rae1 Nf6 $11 {1/2-1/2 Asrian,K-Khalifman,A/
New York 1998/CBM 64 (31)}) 12. Bc1 Bxb3 (12... a5 13. h3 a4 14. hxg4 axb3 15.
cxb3 Nd4 16. Be3 Nxf3+ 17. gxf3 Bxc3 18. bxc3 Qxc3 {1/2-1/2 Rellstab,
L-Trifunovic,P/Dortmund 1961/MCD (18)}) 13. Bxg4 Be6 14. f5 Bd7 15. Nd5 e6 (
15... Re8 16. c3 Ne5 17. Bh3 e6 18. fxe6 Bxe6 19. Bxe6 Rxe6 20. Bg5 Qc5+ 21.
Kh1 h6 22. Be3 Qc6 23. Bd4 $14 {1/2-1/2 Asrian,K-Xu Jun/Ubeda 1998/CBM 62 ext 
(43)}) 16. Ne3 (16. fxe6 Bxe6 17. Bxe6 fxe6 18. Rxf8+ Bxf8 19. Nf6+ Kg7 20. Ng4
h5 21. Nf2 Ne5 $11 {0-1 Krnic,Z-Rigo,J/Rome 1986/EXT 97 (46)}) 16... Rd8 17.
Bh3 $6 {Weiß möchte den Druck gegen e6 aufrecht erhalten, wie sich aber bald
zeigt, werden durch die Abwesenheit des Läufers viele weiße Felder im weißen
Lager schwach.} ({Nach} 17. Qxd6 exf5 18. exf5 Bxf5 19. Qf4 Rd4 20. Bxf5 (20.
Qf3 $2 Ne5 $19) 20... Rxf4 21. Bxc8 Rxf1+ 22. Kxf1 Rxc8 {hat Schwarz
Entwicklungsvorsprung.}) (17. fxe6 Bxe6 18. Bxe6 fxe6 19. c3 Ne5 $11) 17... Ne5
18. c3 $6 {[%csl Rd3]} Qc6 19. f6 $6 Bf8 20. Qd4 Qa6 $1 {[%cal Yd7b5]} 21. Rd1
Bb5 22. b3 $17 {Weiß steht unbequem, hat Mühe seine Entwicklung abzuschließen
und muß viele Löcher in seiner Stellung bewachen.} (22. Bd2 $4 Nc6 $19) (22.
Re1 $2 Nd3 23. Rd1 e5 24. Qd5 Nf4 $17 (24... Bh6 $17)) 22... Be2 23. Rd2 (23.
Re1 Nd3 $19) 23... Nc6 24. Qa4 Bh6 25. Kf2 (25. Rb2 Qd3 $19) 25... Qxa4 26.
bxa4 Ba6 $19 27. c4 Ne5 28. Rd4 Bg5 29. Nd5 Bxc1 30. Ne7+ Kf8 31. Rxc1 Nd7 32.
c5 Nxf6 33. cxd6 Rxd6 34. Nd5 (34. Rxd6 Nxe4+ $19) 34... Ne8 (34... exd5 35. e5
) 35. Nc7 Rxd4 36. Nxa8 Rc4 37. Rxc4 Bxc4 38. a3 Ke7 0-1

[Event "RUS-chT 04th"]
[Site "Azov"]
[Date "1996.??.??"]
[Round "1"]
[White "Svidler, Peter"]
[Black "Brodsky, Michail"]
[Result "1-0"]
[WhiteElo "2650"]
[BlackElo "2355"]
[Annotator "Schulz,Andre"]
[PlyCount "87"]
[EventDate "1996.??.??"]
[EventType "team-tourn"]
[EventRounds "7"]
[EventCountry "RUS"]
[SourceTitle "CBM 056 Extra"]
[Source "ChessBase"]
[SourceDate "1997.03.01"]
[SourceVersion "1"]
[SourceVersionDate "1997.03.01"]
[SourceQuality "1"]
[WhiteTeam "Azov Ladya"]
[BlackTeam "Noyabrsk Yamal"]
[WhiteTeamCountry "RUS"]
[BlackTeamCountry "RUS"]

1. e4 c5 2. Nf3 d6 3. d4 cxd4 4. Nxd4 Nf6 5. Nc3 g6 6. Be2 Bg7 7. O-O Nc6 8.
Nb3 O-O 9. Be3 Be6 10. f4 b5 {Eine Erfindung von Miles aus den späten 70ern;
der Zug hat keinen guten Ruf, vielleicht zu unrecht.} ({Andere Züge sind} 10...
Na5) (10... Qc8) (10... Rc8) 11. Bf3 (11. Bxb5 $2 Ng4) ({Der Prüfstein des
Zuges 10...b5 ist} 11. f5 b4 $2 (11... Bxb3) 12. fxe6 bxc3 13. exf7+ Kh8 14.
bxc3 Ne5 (14... Nxe4 15. Bf3 Nxc3 16. Qd2 {/\Nd4 +/-}) 15. Bd4 {1-0 Spassky,
B-Miles,A/Bugojno 1978 (32)}) 11... Qd7 12. h3 Rac8 (12... Bc4 13. e5 Ne8 14.
Rf2 Rc8 15. Bg4 e6 16. Rd2 $14 {1-0 Liberzon,V-Miles,A/Baden 1980 (39)}) 13.
Nd5 Ne8 14. Rb1 (14. c3 b4) 14... f5 $11 15. Qd3 Nc7 16. c3 (16. Nxc7 $2 Bc4)
16... Kh8 17. Rbd1 fxe4 18. Bxe4 Nxd5 (18... Bf5 $5) 19. Bxd5 a6 20. Qe4 Nd8
21. Bd4 Bxd5 22. Bxg7+ Kxg7 23. Rxd5 Qe6 24. Qd4+ Kg8 25. f5 gxf5 26. Qd3 Nc6
27. Rdxf5 Rxf5 28. Rxf5 Qg6 29. Qe4 e6 $2 {übersieht die weiße Drohung} (29...
d5 $2 30. Qf3 $16) (29... Ne5 30. Nd4 Kh8 31. Qb7 $140 Rg8 $132) 30. Rg5 Qxg5
31. Qxe6+ Kg7 32. Qxc8 Qe3+ 33. Kf1 Qf4+ (33... Qd3+ 34. Kf2 Qc2+ 35. Kg3 Ne5
$16) 34. Ke2 Qe4+ 35. Kd1 Qd3+ $6 (35... Ne5 $142 36. Nd2 $140 Qa4+) 36. Nd2
Ne5 37. Qb7+ Kf6 38. Qe4 Qg3 $2 (38... Qxe4 $5 39. Nxe4+ Ke6 40. Ng5+ $140 $2
Kf5 41. Nxh7 (41. Nf3 Nc4 $132) 41... Kg6 42. Nf8+ Kf7 43. Nh7 Kg6 $11) 39. Ke2
Ke6 40. Nb3 d5 41. Nd4+ Kf6 42. Qf5+ Ke7 43. Qxh7+ Ke8 44. Qe7+ 1-0